000 00357nam a2200109Ia 4500
008 171204s9999 xx 000 0 und d
245 _a(Re)Imagining Humane Global Governance:
245 _cRichard Falk
260 _c2013
650 _xASSURANCE PRINCIPLES, PROFESSIONAL ETHICS AND GOOD GOVERNANCE
856 _uhttp://down.ebook777.com/063/9780415815567.pdf
999 _c345637
_d345637